| 000 | 01185naa a22003017a 4500 | ||
|---|---|---|---|
| 001 | BR9402065 | ||
| 003 | BR-BrBNA | ||
| 005 | 20250721155440.0 | ||
| 007 | ta | ||
| 008 | 250630b bl.|||m| |||| 00| 0 por d | ||
| 040 |
_aBR-BrBNA _bpor _cBiblioteca Nacional de Agricultura |
||
| 041 | _a(Pt) | ||
| 072 |
_aK10 _b1215 |
||
| 090 | _aK10 BR9402065 | ||
| 100 | 1 | _aSilva, M.F.F. da | |
| 100 | 1 | _aRosa, N. de A. | |
| 111 | 1 |
_a1. Simposio do Tropico Umido _cBelem, PA (Brazil) _d12-17 Nov 1984 |
|
| 245 | 1 | _aEstudos botanicos na area do projeto Ferro Carajas, Serra Norte, Para, 2. Regeneracao de castanheira em mata primaria na bacia do Itacaiunas | |
| 500 | _a1. Simposio do Tropico Umido. Anais. Vol. 2 Belem, PA (Brasil): 1986. p. 167-170 [Summaries (En, Pt); 6 ref.] (BR9402065-AMS) | ||
| 773 | 0 |
_t1. Simposio do Tropico Umido. Anais. Vol. 2 _wK10 BR9402065 _gBelem, PA (Brasil), 1986. p. 167-170 |
|
| 650 | _aCastanha do Para | ||
| 650 | _aRegeneracao | ||
| 650 | _aSemente | ||
| 650 | _aPara | ||
| 490 |
_aDocumentos - Centro de Pesquisa Agropecuaria do Tropico Umido (Brazil) _vno. 36 _xISSN 0101-2835 |
||
| 942 |
_cAMS _2AGRIS |
||
| 909 |
_a202506 _bLúcia _c55 _dLúcia Elande |
||
| 999 |
_c336550 _d336550 |
||